Instalaciones frigoríficas

I tiakina i:
Ngā taipitopito rārangi puna kōrero
Kaituhi matua: Rapin, Pierre J (Author)
Hōputu: Pukapuka
Reo:Pāniora
I whakaputaina: Barcelona Marcombo 1978
Ngā marau:
Ngā Tūtohu: Tāpirihia he Tūtohu
Kāore He Tūtohu, Me noho koe te mea tuatahi ki te tūtohu i tēnei pūkete!

MARC

LEADER 00000nam a2200000 a 4500
001 UCW2036
003 CL-VaPUC
008 900820e19780000SP |||||||||||||||||spa|d
082 0 4 |a 621.56  |b RAP  |2 21 
100 0 |a Rapin, Pierre J  |e author  |9 306005 
245 1 0 |a Instalaciones frigoríficas 
300 |a 2 v 
942 |c BK 
945 |d 19900820 00:00:00  |a mfernand 
260 |a Barcelona  |b Marcombo  |c 1978 
500 |a v.1: Elementos de fisica aplicada a la teoria de las instalaciones frigorificas 
500 |a v.2: Tecnologia 
650 0 |a Refrigeración  |9 259343 
650 0 |a Compresores   |9 259361 
650 7 |a FRIGORIFICOS  |2 CL-VaPUC  |9 259524 
583 |a last modification  |c 19900820 00:00:00  |k Rodrigo Vera 
999 |c 216697  |d 216695 
952 |0 0  |1 0  |4 0  |6 621_560000000000000_RAP_1978  |7 0  |8 A  |9 202691  |a BIBALI  |b BIBALI  |c GEN  |d 2019-11-14  |h v.1  |i 1974165  |o 621.56 RAP 1978  |p 1974165  |r 2025-01-20  |w 2019-11-14  |y BK  |k ALI 
952 |0 0  |1 0  |4 0  |6 621_560000000000000_RAP_1978  |7 0  |8 A  |9 202692  |a BIBALI  |b BIBALI  |c GEN  |d 2019-11-14  |h v.2  |i 1974114  |o 621.56 RAP 1978  |p 1974114  |r 2025-01-20  |w 2019-11-14  |y BK  |k ALI